<?xml version="1.0" encoding="UTF-8"?>
<record
    xmlns:xsi="http://www.w3.org/2001/XMLSchema-instance"
    xsi:schemaLocation="http://www.loc.gov/MARC21/slim http://www.loc.gov/standards/marcxml/schema/MARC21slim.xsd"
    xmlns="http://www.loc.gov/MARC21/slim">

  <leader>00647nam a22001217a 4500</leader>
  <datafield tag="040" ind1=" " ind2=" ">
    <subfield code="c">RUA</subfield>
  </datafield>
  <datafield tag="100" ind1=" " ind2=" ">
    <subfield code="a">NET DET. &#x178E;&#x17C1;&#x178F; &#x178A;&#x17C1;&#x178F;</subfield>
  </datafield>
  <datafield tag="245" ind1=" " ind2=" ">
    <subfield code="a">GASTRO INTESTINAL PARASITES IN DOMESTIC CHICKEN AT PORIENG COMMUNE, PORIENG DISTRICT, PREY VENG PROVINCE. &#x1794;&#x179A;&#x17B6;&#x179F;&#x17B7;&#x178F;&#x1780;&#x17D2;&#x1793;&#x17BB;&#x1784;&#x1794;&#x17D2;&#x179A;&#x178A;&#x17B6;&#x1794;&#x17CB;&#x179A;&#x17C6;&#x179B;&#x17B6;&#x1799;&#x17A2;&#x17B6;&#x17A0;&#x17B6;&#x179A;&#x1798;&#x17B6;&#x1793;&#x17CB;&#x1793;&#x17C5;&#x1783;&#x17BB;&#x17C6;&#x1796;&#x17C4;&#x1792;&#x17B7;&#x17CD;&#x179A;&#x17C0;&#x1784; &#x179F;&#x17D2;&#x179A;&#x17BB;&#x1780;&#x1796;&#x17C4;&#x1792;&#x17B7;&#x17CD;&#x179A;&#x17C0;&#x1784; &#x1781;&#x17C1;&#x178F;&#x17D2;&#x178F;&#x1796;&#x17D2;&#x179A;&#x17C3;&#x179C;&#x17C2;&#x1784;</subfield>
  </datafield>
  <datafield tag="260" ind1=" " ind2=" ">
    <subfield code="a">Phnom Penh</subfield>
    <subfield code="b">RUA</subfield>
    <subfield code="c">2020</subfield>
  </datafield>
  <datafield tag="300" ind1=" " ind2=" ">
    <subfield code="a">IX.34P</subfield>
    <subfield code="b">VII.</subfield>
    <subfield code="c">29CM</subfield>
  </datafield>
  <datafield tag="856" ind1=" " ind2=" ">
    <subfield code="u">https://drive.google.com/file/d/1chl2f_OD_TKZ7VIWAF0XYSZxV4kK4RFe/view?usp=sharing</subfield>
  </datafield>
  <datafield tag="942" ind1=" " ind2=" ">
    <subfield code="c">VEM</subfield>
  </datafield>
  <datafield tag="999" ind1=" " ind2=" ">
    <subfield code="c">21658</subfield>
    <subfield code="d">21658</subfield>
  </datafield>
  <datafield tag="952" ind1=" " ind2=" ">
    <subfield code="0">0</subfield>
    <subfield code="1">0</subfield>
    <subfield code="2">ddc</subfield>
    <subfield code="4">0</subfield>
    <subfield code="6">VEM_NET_2020_000000000000000_B1_602_OR</subfield>
    <subfield code="7">0</subfield>
    <subfield code="9">94084</subfield>
    <subfield code="a">LBB</subfield>
    <subfield code="b">LBB</subfield>
    <subfield code="c">B1.602</subfield>
    <subfield code="d">2023-08-15</subfield>
    <subfield code="l">3</subfield>
    <subfield code="o">VEM NET 2020 B1.602 Or.</subfield>
    <subfield code="p">a074690</subfield>
    <subfield code="r">2025-08-28</subfield>
    <subfield code="s">2025-08-07</subfield>
    <subfield code="w">2023-08-15</subfield>
    <subfield code="y">VEM</subfield>
  </datafield>
  <datafield tag="952" ind1=" " ind2=" ">
    <subfield code="0">0</subfield>
    <subfield code="1">0</subfield>
    <subfield code="2">ddc</subfield>
    <subfield code="4">0</subfield>
    <subfield code="6">VEM_NET_2020_000000000000000_B1_602_OR</subfield>
    <subfield code="7">0</subfield>
    <subfield code="9">94085</subfield>
    <subfield code="a">LBB</subfield>
    <subfield code="b">LBB</subfield>
    <subfield code="c">B1.602</subfield>
    <subfield code="d">2023-08-15</subfield>
    <subfield code="l">1</subfield>
    <subfield code="o">VEM NET 2020 B1.602 Or.</subfield>
    <subfield code="p">a073904</subfield>
    <subfield code="r">2024-07-22</subfield>
    <subfield code="s">2024-07-12</subfield>
    <subfield code="w">2023-08-15</subfield>
    <subfield code="y">VEM</subfield>
  </datafield>
  <datafield tag="952" ind1=" " ind2=" ">
    <subfield code="0">0</subfield>
    <subfield code="1">0</subfield>
    <subfield code="2">ddc</subfield>
    <subfield code="4">0</subfield>
    <subfield code="6">VEM_NET_2020_000000000000000_B1_602_OR</subfield>
    <subfield code="7">0</subfield>
    <subfield code="9">94086</subfield>
    <subfield code="a">LBB</subfield>
    <subfield code="b">LBB</subfield>
    <subfield code="c">B1.602</subfield>
    <subfield code="d">2023-08-15</subfield>
    <subfield code="l">3</subfield>
    <subfield code="o">VEM NET 2020 B1.602 Or.</subfield>
    <subfield code="p">a073932</subfield>
    <subfield code="r">2026-02-13</subfield>
    <subfield code="s">2026-01-12</subfield>
    <subfield code="w">2023-08-15</subfield>
    <subfield code="y">VEM</subfield>
  </datafield>
  <datafield tag="952" ind1=" " ind2=" ">
    <subfield code="0">0</subfield>
    <subfield code="1">0</subfield>
    <subfield code="2">ddc</subfield>
    <subfield code="4">0</subfield>
    <subfield code="6">VEM_NET_2020_000000000000000_B1_602_OR</subfield>
    <subfield code="7">0</subfield>
    <subfield code="9">94087</subfield>
    <subfield code="a">LBB</subfield>
    <subfield code="b">LBB</subfield>
    <subfield code="c">B1.602</subfield>
    <subfield code="d">2023-08-15</subfield>
    <subfield code="l">1</subfield>
    <subfield code="o">VEM NET 2020 B1.602 Or.</subfield>
    <subfield code="p">a073900</subfield>
    <subfield code="r">2025-01-21</subfield>
    <subfield code="s">2024-12-24</subfield>
    <subfield code="w">2023-08-15</subfield>
    <subfield code="y">VEM</subfield>
  </datafield>
  <datafield tag="952" ind1=" " ind2=" ">
    <subfield code="0">0</subfield>
    <subfield code="1">0</subfield>
    <subfield code="2">ddc</subfield>
    <subfield code="4">0</subfield>
    <subfield code="6">VEM_NET_2020_000000000000000_B1_602_OR</subfield>
    <subfield code="7">0</subfield>
    <subfield code="9">94088</subfield>
    <subfield code="a">LBB</subfield>
    <subfield code="b">LBB</subfield>
    <subfield code="c">B1.602</subfield>
    <subfield code="d">2023-08-15</subfield>
    <subfield code="l">5</subfield>
    <subfield code="o">VEM NET 2020 B1.602 Or.</subfield>
    <subfield code="p">a073896</subfield>
    <subfield code="r">2026-06-29</subfield>
    <subfield code="s">2026-06-04</subfield>
    <subfield code="w">2023-08-15</subfield>
    <subfield code="y">VEM</subfield>
  </datafield>
  <datafield tag="952" ind1=" " ind2=" ">
    <subfield code="0">0</subfield>
    <subfield code="1">0</subfield>
    <subfield code="2">ddc</subfield>
    <subfield code="4">0</subfield>
    <subfield code="6">VEM_NET_2020_000000000000000_B1_602_OR</subfield>
    <subfield code="7">0</subfield>
    <subfield code="9">94089</subfield>
    <subfield code="a">LBB</subfield>
    <subfield code="b">LBB</subfield>
    <subfield code="c">B1.602</subfield>
    <subfield code="d">2023-08-15</subfield>
    <subfield code="o">VEM NET 2020 B1.602 Or.</subfield>
    <subfield code="p">a073912</subfield>
    <subfield code="r">2023-08-15</subfield>
    <subfield code="w">2023-08-15</subfield>
    <subfield code="y">VEM</subfield>
  </datafield>
</record>
